00381nam a2200145Ia 4500008004100000020001800041041000800059082001700067100001400084245007200098260002800170300000700198365001600205700001400221230718s9999 xx 000 0 und d a9788179919978 aeng a641.813bKAP aKapoor S. aTasty Eating For Healthy Living, Vol 1.bSoups, Snacks And Starters c2010bPopular Prakashan a70 cRs.b125.00 aKapoor S.